<?xml version="1.0" encoding="UTF-8"?><?xml-stylesheet type="text/xsl" href="static/style.xsl"?><OAI-PMH xmlns="http://www.openarchives.org/OAI/2.0/" xmlns:xsi="http://www.w3.org/2001/XMLSchema-instance" xsi:schemaLocation="http://www.openarchives.org/OAI/2.0/ http://www.openarchives.org/OAI/2.0/OAI-PMH.xsd"><responseDate>2026-06-29T07:36:04Z</responseDate><request verb="GetRecord" identifier="oai:docta.ucm.es:20.500.14352/103978" metadataPrefix="marc">https://docta.ucm.es/rest/oai/request</request><GetRecord><record><header><identifier>oai:docta.ucm.es:20.500.14352/103978</identifier><datestamp>2025-03-18T13:04:36Z</datestamp><setSpec>com_20.500.14352_14</setSpec><setSpec>col_20.500.14352_15</setSpec></header><metadata><record xmlns="http://www.loc.gov/MARC21/slim" xmlns:dcterms="http://purl.org/dc/terms/" xmlns:xsi="http://www.w3.org/2001/XMLSchema-instance" xmlns:doc="http://www.lyncode.com/xoai" xsi:schemaLocation="http://www.loc.gov/MARC21/slim http://www.loc.gov/standards/marcxml/schema/MARC21slim.xsd">
   <leader>00925njm 22002777a 4500</leader>
   <datafield ind2=" " ind1=" " tag="042">
      <subfield code="a">dc</subfield>
   </datafield>
   <datafield ind2=" " ind1=" " tag="720">
      <subfield code="a">González Castán, Óscar Lucas</subfield>
      <subfield code="e">author</subfield>
   </datafield>
   <datafield ind2=" " ind1=" " tag="260">
      <subfield code="c">2014-09-14</subfield>
   </datafield>
   <datafield ind2=" " ind1=" " tag="520">
      <subfield code="a">In this paper I shall briefly analyze Husserl´s and Wittgenstein´s divergent reactions against the positivist stance on natural science and on the new cultural role that philosophy should play in relation to science. To a great extent, their philosophies can be considered as a departure from positivism, although for quite different reasons. I shall argue that Wittgenstein, in the Tractatus, took positivism as a starting point that he tried to overcome from within. This endeavour led him to defend some theses of a pragmatist flavour as well as a peculiar type of radical agnosticism on ontological and epistemological issues. Husserl, however, considered that positivism was a dead-end for philosophy. Positivism has beheaded philosophy as a consequence of advancing a reductive view of science. Phenomenology is the attempt to understand the genetic and subjective processes that have ended up in an objective and scientific image of the world.</subfield>
   </datafield>
   <datafield ind1="8" ind2=" " tag="024">
      <subfield code="a">González-Castán, Óscar L (2014). “Overcoming Positivism: Husserl and Wittgenstein”, Phänomenologische Forschungen, Jahrbuch 2014, Felix Meiner, pp. 13-58.</subfield>
   </datafield>
   <datafield ind1="8" ind2=" " tag="024">
      <subfield code="a">0342-8117</subfield>
   </datafield>
   <datafield ind1="8" ind2=" " tag="024">
      <subfield code="a">10.28937/1000107776</subfield>
   </datafield>
   <datafield ind1="8" ind2=" " tag="024">
      <subfield code="a">https://hdl.handle.net/20.500.14352/103978</subfield>
   </datafield>
   <datafield ind1="8" ind2=" " tag="024">
      <subfield code="a">2567-5494</subfield>
   </datafield>
   <datafield ind1="8" ind2=" " tag="024">
      <subfield code="a">https://doi.org/10.28937/1000107776</subfield>
   </datafield>
   <datafield ind1="8" ind2=" " tag="024">
      <subfield code="a">https://meiner.de/phanomenologische-forschungen-2014-13358.html</subfield>
   </datafield>
   <datafield ind1="8" ind2=" " tag="024">
      <subfield code="a">https://meiner.de/catalog/product/view/id/13496/s/overcoming-positivism-husserl-and-wittgenstein/category/1206/?previd=13358</subfield>
   </datafield>
   <datafield ind2="0" ind1="0" tag="245">
      <subfield code="a">Overcoming Positivism: Husserl and Wittgenstein</subfield>
   </datafield>
</record></metadata></record></GetRecord></OAI-PMH>